| 000 | 00000nam##2200000za#4500 |
| 001 | 9.576972 |
| 003 | CaOODSP |
| 005 | 20210624185406 |
| 007 | cr ||||||||||| |
| 008 | 150406|1989||||xxc|||||o f|0| 0 eng|d |
| 040 | |aCaOODSP|beng |
| 043 | |an-cn--- |
| 086 | 1 |aFs97-13/770E-PDF |
| 110 | 1 |aCanada. |bDepartment of Fisheries and Oceans. |
| 245 | 10|a1987 Atlantic salmon sport catch statistics - Maritime Provinces / |h[electronic resource]|cby S.F. O'Neil, K. Newbould, and R. Pickard. |
| 260 | |aMoncton - New Brunswick : |bFisheries and Oceans Canada |c1989. |
| 300 | |a81p.|breferences, tables |
| 490 | 1 |aCanadian data report of fisheries and aquatic sciences|vNo. 770 |
| 500 | |aOn t.p.: Marine and Anadromous Fish Division, Science Branch, Gulf Fisheries Centre, Moncton, New Brunswick. |
| 546 | |a(Résumé en français) |
| 590 | |a13-19-Supp|b2013-08-14 |
| 720 | 1 |aO'Neil, S. F. |
| 720 | 1 |aNewbould, K. A. |
| 720 | 1 |aPickard, P. R. |
| 830 | #0|aCanadian data report of fisheries and aquatic sciences ;|vNo. 770|w(CaOODSP)9.505124 |
| 856 | 40|ahttp://publications.gc.ca|qPDF|s4357 Ko|uhttps://publications.gc.ca/collections/collection_2013/mpo-dfo/Fs97-13-770-eng.pdf|yNo. 770 |